Open Data Biblioteca Nacional de Portugal


República Portuguesa: Ministério da Cultura
Biblioteca Nacional de Portugal

Catálogo da BNP: acesso por Identificadores Unívocos
Registos Bibliográficos associados ao registo de autoridade

Etiqueta de registo: 00947cas 02200313 04500
001 343641
003 http://id.bnportugal.gov.pt/bib/catbnp/343641
005 19981229000000.0
021 ## $aPT$b52926/92
095 ## $aPTBN00363647
100 ## $a19920609b19922001m y0pory0103 ba
101 0# $apor
102 ## $aPT
106 ## $ae
110 ## $acfazz..0yy0
200 1# $aCruz de Malta$emensário do Grupo Cultural e Recreativo de Rossas$fdir. José da Rocha Ramos
207 #0 $aA. 1, n. 0 (Abr. 1992)-nº 105 (Jan. 2001)
210 #9 $aRossas,Arouca$cG.C.R.R.,$d1992-2001
215 ## $d43 cm
326 ## $aMensal
606 ## $aPublicações de associações recreativas$2BN-P$3330188
620 ## $dRossas
675 ## $a008(469.321)(05)$vBN$zpor$3489160
702 #1 $aRamos,$bJosé da Rocha$4300$369652
712 02 $aGrupo Cultural e Recreativos de Rossas$4650$369653
801 #0 $aPT$bBN$gRPC
966 ## $c2$dA. 1$en. 0$lBN$mFGJOR$sJ. 5090 V.$x1

OpendataBNP@bnportugal.pt | Mais informação sobre acesso aos dados BNP